000 00992nam a2200241 a 4500
001 81294
003 BD-RjUL
005 20230319112100.0
008 230319s2019 bg a|||| m||| 00| 0 eng d
035 _a(BD-RjUL)81294
040 _aBD-RjUL
_beng
_cBD-RjUL
_dBD-RjUL
041 _aeng
082 _223
_a353.95
_bKAR 2019
100 _aKaioum, Md. Mamun Abdul
_97172
245 1 0 _aROLE OF COMMUNITY RADIO IN DISASTER RISK MANAGEMENT :
_bA STUDY ON COASTAL AREAS IN BANGLADESH /
_cMd. Mamun Abdul Kaioum
_6Supervisor : Pradip Kumar Panday
260 _aRajshahi :
_bDepartment of Mass Communication and Journalism,University of Rajshahi
_c2019
300 _a[1], xvii, [1],291 leaves :
_bill.;
_c29 cm.
502 _aThesis(M.Phil.)-- Department of Mass Communication and Journalism,University of Rajshahi,2019
504 _aReferences : Leaves 255-276
650 _aCommunity Radio
_xEarth Sciences
_zBangladesh
_97173
700 _aPanday, Pradip Kumar, Supervisor
_95430
942 _2ddc
_cTHE
999 _c81294
_d81294